INFORMATION TRANSMISSION MODULATION AND NOISE , A UNIFIED APPROACH TO COMMUNICATION SYSTEMS (Record no. 573701)
[ view plain ]
| 000 -LEADER | |
|---|---|
| fixed length control field | 00472nam a22001457a 4500 |
| 020 ## - INTERNATIONAL STANDARD BOOK NUMBER | |
| International Standard Book Number | 0-07-055782-9 |
| 082 ## - DEWEY DECIMAL CLASSIFICATION NUMBER | |
| Classification number | 621.3823 SEH'I |
| 100 ## - MAIN ENTRY--PERSONAL NAME | |
| Personal name | SCHWARTZ, MISCHS |
| 9 (RLIN) | 65518 |
| 245 ## - TITLE STATEMENT | |
| Title | INFORMATION TRANSMISSION MODULATION AND NOISE , A UNIFIED APPROACH TO COMMUNICATION SYSTEMS |
| 250 ## - EDITION STATEMENT | |
| Edition statement | 3RD |
| 260 ## - PUBLICATION, DISTRIBUTION, ETC. | |
| Place of publication, distribution, etc. | LONDON |
| Name of publisher, distributor, etc. | MCGRAW HILL |
| Date of publication, distribution, etc. | 1981 |
| 300 ## - PHYSICAL DESCRIPTION | |
| Extent | 646P |
| 650 ## - SUBJECT ADDED ENTRY--TOPICAL TERM | |
| Topical term or geographic name entry element | TELECOMMUNICATIO DIGITAL COMMUNICATION MODULATION (ELECTRONICS) ELECTRONIC NOISE |
| 9 (RLIN) | 65519 |
| 942 ## - ADDED ENTRY ELEMENTS (KOHA) | |
| Koha item type | Book |
| Withdrawn status | Lost status | Damaged status | Not for loan | Permanent Location | Current Location | Shelving location | Date acquired | Total Checkouts | Full call number | Barcode | Date last seen | Price effective from | Koha item type |
|---|---|---|---|---|---|---|---|---|---|---|---|---|---|
| College of Electrical & Mechanical Engineering (CEME) | College of Electrical & Mechanical Engineering (CEME) | General Stacks | 07/27/2017 | 621.3823 SEH'I | CEME-23016 | 06/28/2021 | 06/28/2021 | Book |
